Score 0/54 Timer 05:00
0 Plays Today
. % Correct
Circus transportationCAR
97.5%
Roads marked with a diamond are for itCAR
97.5%
Another name for ping pongTENNIS
95.9%
Inflammation in arm of Graf or FedererTENNIS
95.9%
Equipment needed for game of billiardsTABLE
95.8%
Another name for ping pongTABLE
95.8%
Postage stamp or airline seat ratingCLASS
93.6%
School wisecrackerCLASS
93.5%
School wisecrackerCLOWN
92.8%
Circus transportationCLOWN
92.7%
Postage stamp or airline seat ratingFIRST
92.3%
Roads marked with a diamond are for itPOOL
91.4%
Equipment needed for game of billiardsPOOL
91.4%
Inflammation in arm of Graf or FedererELBOW
89.5%
Hard physical work involving forearmELBOW
89.5%
Skin irritation from carpet frictionBURN
88.5%
Texas hold 'em throwawayBURN
88.5%
Quoted with 'The sky is falling!'LITTLE
86%
Casey Affleck, to BenLITTLE
86%
Finishing 59th out of 59, for exampleLAST
86%
Hard physical work involving forearmGREASE
85.7%
Slang term for an auto mechanicGREASE
85.7%
Floor covering in the homeRUG
85.7%
Skin irritation from carpet frictionRUG
85.7%
Casey Affleck, to BenBROTHER
85.5%
2003 Disney animated movieBROTHER
85.5%
Quoted with 'The sky is falling!'CHICKEN
85.1%
. % Correct
Person who's young and spryCHICKEN
85.1%
Texas hold 'em throwawayCARD
83.7%
Hearts or SpadesCARD
83.7%
Slang term for an auto mechanicMONKEY
81.7%
Gooey breakfast pastry (U.S.)MONKEY
81.6%
Frame to set a mattressSPRING
79.4%
Person who's young and sprySPRING
79.4%
Having a loss in cranial functionBRAIN
78.2%
Stupid personBRAIN
78.2%
Tool used for driving or removing nailsHAMMER
78.2%
Olympic sport with a ball on a wireHAMMER
78.2%
Container for baked goodsBOX
75.1%
Frame to set a mattressBOX
75.1%
2003 Disney animated movieBEAR
74%
Almond-flavored doughnutBEAR
73.9%
Floor covering in the homeTHROW
68.6%
Olympic sport with a ball on a wireTHROW
68.6%
Finishing 59th out of 59, for exampleDEAD
67.8%
Having a loss in cranial functionDEAD
67.8%
Almond-flavored doughnutCLAW
67.2%
Tool used for driving or removing nailsCLAW
67.2%
Gooey breakfast pastry (U.S.)BREAD
63.3%
Container for baked goodsBREAD
63.3%
Stupid personBIRD
53.8%
Fowl hunted for sportBIRD
53.8%
Fowl hunted for sportGAME
47.8%
Hearts or SpadesGAME
47.8%
Remove Ads.
Support Sporcle.
Get the best of Sporcle when you Go Orange. This ad-free experience offers more features, more stats, and more fun while also helping to support Sporcle. Thank you for becoming a member.

You're not logged in!

Compare scores with friends on all Sporcle quizzes.
OR
Log In

Show Comments

Extras

Top Quizzes Today


Score Distribution

Your Account Isn't Verified!

In order to create a playlist on Sporcle, you need to verify the email address you used during registration. Go to your Sporcle Settings to finish the process.

Report this User

Report this user for behavior that violates our Community Guidelines.

Details: